Avances de investigación /
En este informe se expone el programa de Investigación del Instituto de Investigaciones Sociales sobre ideología y cultura en Costa Rica, asumiendo como base teórica a Gramsci y el marxismo. Objetivos del programa son: A- La sociedad civil costarricense, características y tendencias actuales; B- La...
保存先:
| 第一著者: | |
|---|---|
| その他の著者: | , |
| フォーマット: | 図書 |
| 言語: | Spanish |
| 主題: | |
| タグ: |
タグ追加
タグなし, このレコードへの初めてのタグを付けませんか!
|
MARC
| LEADER | 00000nam a22000007a 4500 | ||
|---|---|---|---|
| 003 | cru CIDCACS/IIS | ||
| 005 | 20220420105153.0 | ||
| 007 | ta | ||
| 008 | 170329e1990 cr ||||| |||| 00| 0 spa | ||
| 040 | |c CRAI/IIS |a CRAI/IIS | ||
| 100 | |9 3766 |a Steichen, Regine | ||
| 245 | 1 | |a Avances de investigación / |c Regine Steichen, María Pérez Yglesias, Yamileth González García | |
| 300 | |a 66 páginas | ||
| 520 | |a En este informe se expone el programa de Investigación del Instituto de Investigaciones Sociales sobre ideología y cultura en Costa Rica, asumiendo como base teórica a Gramsci y el marxismo. Objetivos del programa son: A- La sociedad civil costarricense, características y tendencias actuales; B- La naturaleza y el papel de la cultura popular en la coyuntura; C- La ideología sexista, la ideología feminista y la conciencia de la mujer; y Ch- La ideología racista, la cultura de las minorías étnicas. Luego de exponer los objetivos específicos, hacen una aproximación teórico-conceptual: problema de la conciencia, relación cultura-ideología, mentalidad colectiva, civilización, concepto de ideología y de cultura. Las características del programa son: 1- Su desarrollo según una perspectiva multidisciplinaria y, en lo posible, interdisciplinaria; 2- espera integrar estudiantes del posgrado en los proyectos; 3- los proyectos tendrán el carácter de análisis coyunturales; y 4- programa abierto, que posibilite una gama variada de trabajos. Luego, se dá un cuadro programático con las siguientes columnas: ejes-áreas-temas y proyectos. En las áreas están: medios de comunicación colectiva, sistema educativo, partidos políticos, nuevas organizaciones, sindicatos y otras organizaciones laborales, Ministerio de Cultura, hegemonía ideológica-cultural transnacional, iglesia, sectas y religión, desarrollo intelectual y cultural,cultura, política, sexismo, ideología racista, cultura indígena. EB/JM | ||
| 650 | 1 | 0 | |9 3320 |a PROGRAMAS DE INVESTIGACION |
| 650 | 1 | 0 | |9 1428 |a IDEOLOGIAS |
| 650 | 1 | 0 | |9 126 |a CULTURA |
| 650 | 1 | 0 | |9 2038 |a SUBCULTURA |
| 650 | 1 | 0 | |9 623 |a CULTURA POPULAR |
| 650 | 1 | 0 | |9 88 |a MUJERES |
| 650 | 4 | |9 1969 |a ORGANIZACIONES FEMENINAS | |
| 650 | 1 | 0 | |9 633 |a DISCRIMINACION RACIAL |
| 650 | 1 | 0 | |9 3113 |a PROYECTOS DE INVESTIGACION |
| 650 | 4 | |9 3768 |a MINORIAS ETNICAS | |
| 650 | 4 | |9 3737 |a POBLACION INDIGENA | |
| 650 | 0 | |9 1857 |a PUBLICACIONES INSTITUTO DE INVESTIGACIONES SOCIALES-UCR | |
| 651 | 1 | 0 | |9 32 |a COSTA RICA |
| 700 | 1 | |9 1852 |a Pérez Yglesias, María | |
| 700 | 1 | |9 3767 |a González García, Yamileth | |
| 773 | 0 | |0 19073 |9 524 |a Universidad de Costa Rica. |d San José, Costa Rica UCR. FCS. IIS |o MFN0096 |t Avances de Investigación/ | |
| 942 | |2 ddc |c PP | ||
| 999 | |c 19075 |d 19075 | ||
